5HLuxD.jpg

KING HENRY VIII SENIOR AND PRIMARY SCHOOL LIBRARY OPAC

BEAR FLIES HIGH36 (Record no. 4932)

000 -LEADER
fixed length control field 00328nam a22001217a 4500
008 - FIXED-LENGTH DATA ELEMENTS--GENERAL INFORMATION
fixed length control field 250423b ||||| |||| 00| 0 eng d
020 ## - INTERNATIONAL STANDARD BOOK NUMBER
International Standard Book Number 9780747597964
082 ## - DEWEY DECIMAL CLASSIFICATION NUMBER
Classification number 823.914 ROS
100 ## - MAIN ENTRY--PERSONAL NAME
Personal name ROSEN,MICHAEL
245 ## - TITLE STATEMENT
Title BEAR FLIES HIGH36
260 ## - PUBLICATION, DISTRIBUTION, ETC.
Place of publication, distribution, etc. 36 SOHO SQUARE,LONDON,W1D 3QY
Name of publisher, distributor, etc. BLOOMSBURY PUBLISHING PLC
Date of publication, distribution, etc. 2020
942 ## - ADDED ENTRY ELEMENTS (KOHA)
Source of classification or shelving scheme
Holdings
Withdrawn status Lost status Source of classification or shelving scheme Damaged status Not for loan Collection code Permanent Location Current Location Shelving location Date acquired Total Checkouts Full call number Barcode Date last seen Date last checked out Price effective from Koha item type Public note
          Fiction KH8 Primary School Library KH8 Primary School Library Fiction 2025-04-23 5 823.914 ROS KHPL000006787 2026-02-24 2026-02-10 2025-04-23 Books - Fiction KH8 PRIMARY LIBRARY

Powered By KH8 IT Dept